| 000 -LEADER |
| fixed length control field |
01927 a2200457 4500 |
| 003 - CONTROL NUMBER IDENTIFIER |
| control field |
Nust |
| 005 - DATE AND TIME OF LATEST TRANSACTION |
| control field |
20170207154050.0 |
| 020 ## - INTERNATIONAL STANDARD BOOK NUMBER |
| International Standard Book Number |
978-0-387-30424-3 (e-bk.) |
| 040 ## - CATALOGING SOURCE |
| Transcribing agency |
Nust |
| 082 04 - DEWEY DECIMAL CLASSIFICATION NUMBER |
| Classification number |
407 |
| 100 1# - MAIN ENTRY--PERSONAL NAME |
| Personal name |
Nancy H. Hornberger,STEPHEN MAY. |
| 245 00 - TITLE STATEMENT |
| Title |
Encyclopedia of language and education Volume 1 (E-Book) |
| Statement of responsibility, etc. |
Nancy H. Hornberger,STEPHEN MAY. |
| Remainder of title |
LANGUAGE POLICY AND POLITICAL ISSUES IN EDUCATION |
| 246 3# - VARYING FORM OF TITLE |
| Title proper/short title |
Encyclopedia of language & education |
| 246 3# - VARYING FORM OF TITLE |
| Title proper/short title |
Language and education |
| 250 ## - EDITION STATEMENT |
| Edition statement |
2. ed. |
| 256 ## - COMPUTER FILE CHARACTERISTICS |
| Computer file characteristics |
Text |
| 260 ## - PUBLICATION, DISTRIBUTION, ETC. |
| Place of publication, distribution, etc. |
New York : |
| Name of publisher, distributor, etc. |
Springer, |
| Date of publication, distribution, etc. |
c2008. |
| 300 ## - PHYSICAL DESCRIPTION |
| Extent |
3881p; |
| Other physical details |
ill. |
| 440 #0 - SERIES STATEMENT/ADDED ENTRY--TITLE |
| Title |
Springer reference |
| 505 0# - FORMATTED CONTENTS NOTE |
| Miscellaneous information |
Section 1: Social and Policy Contexts,Section 2: Minorities and Education,Section 3: Theory, Pedagogy and Practice,Section 4: Focus on Selected Regions of the World. |
| 650 #0 - SUBJECT ADDED ENTRY--TOPICAL TERM |
| Topical term or geographic name entry element |
Language and education |
| 651 ## - SUBJECT ADDED ENTRY--GEOGRAPHIC NAME |
| Geographic name |
(E-Book) |
| 700 1# - ADDED ENTRY--PERSONAL NAME |
| Personal name |
Hornberger, Nancy H. |
| Relator code |
edt |
| 710 2# - ADDED ENTRY--CORPORATE NAME |
| Corporate name or jurisdiction name as entry element |
SpringerLink (Online service) |
| 740 02 - ADDED ENTRY--UNCONTROLLED RELATED/ANALYTICAL TITLE |
| Uncontrolled related/analytical title |
Bilingual education. |
| 740 02 - ADDED ENTRY--UNCONTROLLED RELATED/ANALYTICAL TITLE |
| Uncontrolled related/analytical title |
Discourse and education. |
| 740 02 - ADDED ENTRY--UNCONTROLLED RELATED/ANALYTICAL TITLE |
| Uncontrolled related/analytical title |
Ecology of language. |
| 740 02 - ADDED ENTRY--UNCONTROLLED RELATED/ANALYTICAL TITLE |
| Uncontrolled related/analytical title |
Knowledge about language. |
| 740 02 - ADDED ENTRY--UNCONTROLLED RELATED/ANALYTICAL TITLE |
| Uncontrolled related/analytical title |
Language policy and political issues in education. |
| 740 02 - ADDED ENTRY--UNCONTROLLED RELATED/ANALYTICAL TITLE |
| Uncontrolled related/analytical title |
Language socialization. |
| 740 02 - ADDED ENTRY--UNCONTROLLED RELATED/ANALYTICAL TITLE |
| Uncontrolled related/analytical title |
Language testing and assessment. |
| 740 02 - ADDED ENTRY--UNCONTROLLED RELATED/ANALYTICAL TITLE |
| Uncontrolled related/analytical title |
Literacy. |
| 740 02 - ADDED ENTRY--UNCONTROLLED RELATED/ANALYTICAL TITLE |
| Uncontrolled related/analytical title |
Research methods in language and education. |
| 740 02 - ADDED ENTRY--UNCONTROLLED RELATED/ANALYTICAL TITLE |
| Uncontrolled related/analytical title |
Second and foreign language education. |
| 856 42 - ELECTRONIC LOCATION AND ACCESS |
| Uniform Resource Identifier |
<a href="http://dx.doi.org/10.1007/978-0-387-30424-3">http://dx.doi.org/10.1007/978-0-387-30424-3</a> |
| 856 42 - ELECTRONIC LOCATION AND ACCESS |
| Uniform Resource Identifier |
<a href="http://dx.doi.org/10.1007/978-0-387-30424-3">http://dx.doi.org/10.1007/978-0-387-30424-3</a> |
| 856 42 - ELECTRONIC LOCATION AND ACCESS |
| Uniform Resource Identifier |
<a href="http://ezproxy.its.uu.se/login?url=http://dx.doi.org/10.1007/978-0-387-30424-3">http://ezproxy.its.uu.se/login?url=http://dx.doi.org/10.1007/978-0-387-30424-3</a> |
| 856 42 - ELECTRONIC LOCATION AND ACCESS |
| Uniform Resource Identifier |
<a href="http://www.lub.lu.se/cgi-bin/ipchk/http://dx.doi.org/10.1007/978-0-387-30424-3">http://www.lub.lu.se/cgi-bin/ipchk/http://dx.doi.org/10.1007/978-0-387-30424-3</a> |
| 856 42 - ELECTRONIC LOCATION AND ACCESS |
| Uniform Resource Identifier |
<a href="https://ep.bib.mdh.se/login?url=http://dx.doi.org/10.1007/978-0-387-30424-3">https://ep.bib.mdh.se/login?url=http://dx.doi.org/10.1007/978-0-387-30424-3</a> |
| 856 42 - ELECTRONIC LOCATION AND ACCESS |
| Uniform Resource Identifier |
<a href="https://ep.bib.mdh.se/login?url=http://dx.doi.org/10.1007/978-0-387-30424-3">https://ep.bib.mdh.se/login?url=http://dx.doi.org/10.1007/978-0-387-30424-3</a> |
| 942 ## - ADDED ENTRY ELEMENTS (KOHA) |
| Source of classification or shelving scheme |
|
| Koha item type |
Book |